Archipiélago francés (Record no. 178799)
[ view plain ]
| 000 -LEADER | |
|---|---|
| campo de control de longitud fija | 00941cam a2200217 4500 |
| 001 - NÚMERO DE CONTROL | |
| campo de control | 178799 |
| 003 - IDENTIFICADOR DE NÚMERO DE CONTROL | |
| campo de control | ES-MaACL |
| 005 - FECHA Y HORA DE LA ÚLTIMA TRANSACCIÓN | |
| campo de control | 20240308100202.0 |
| 008 - DATOS DE LONGITUD FIJA--INFORMACIÓN GENERAL | |
| campo de control de longitud fija | 110701s2007 sp aco |||| |dspa d |
| 080 ## - NÚMERO DE LA CLASIFICACIÓN DECIMAL UNIVERSAL | |
| Número de la Clasificación Decimal Universal | 821.133.1-3"19"(082.2) |
| 245 00 - MENCIÓN DEL TÍTULO | |
| Título | Archipiélago francés |
| Resto del título | : catorce fragmentos de narrativa francesa contemporánea / |
| Mención de responsabilidad, etc. | una selección de Norbert Czarny. |
| 246 38 - FORMA VARIANTE DEL TITULO | |
| Título propio/Titulo breve | Archipiélago francés |
| Resto del título | : narrativa |
| 260 ## - PUBLICACIÓN, DISTRIBUCIÓN, ETC. | |
| Lugar de publicación, distribución, etc. | [Madrid] : |
| Nombre del editor, distribuidor, etc. | La Oveja Roja : |
| -- | Servicio Cultural de la Embajada de Francia en España, |
| Fecha de publicación, distribución, etc. | [2007] |
| 300 ## - DESCRIPCIÓN FÍSICA | |
| Extensión | 131 p. : |
| Otras características físicas | il., fot. ; |
| Dimensiones | 17 cm. |
| 650 17 - PUNTO DE ACCESO ADICIONAL DE MATERIA--TÉRMINO DE MATERIA | |
| Término de materia o nombre geográfico como elemento de entrada | Novela francesa- |
| Subdivisión cronológica | S.XX- |
| Subdivisión de forma | Reseñas bibliográficas |
| Fuente del encabezamiento o término | |
| 9 (RLIN) | 147294 |
| 700 1# - ENTRADA AGREGADA--NOMBRE PERSONAL | |
| Nombre de persona | Czarny, Norbert. |
| 9 (RLIN) | 147291 |
| 710 1# - ENTRADA AGREGADA--NOMBRE DE ENTIDAD CORPORATIVA | |
| Nombre de entidad corporativa o nombre de jurisdicción como elemento de entrada | Francia. |
| Unidad subordinada | Embajada (España) |
| 9 (RLIN) | 4161 |
| 852 ## - LOCALIZACIÓN | |
| Ubicación | ES-MaACL |
| Número de control de estantería | A-11315 |
| itemnumber | 185660 |
| Sublocalización o colección | R.145398 |
| Ubicación en estantería | Depósito 1 |
| Signatura antigua | Olim: N-4319 |
| Encuadernación | Donación: Doctor Calles |
| 942 ## - ELEMENTOS DE ENTRADA SECUNDARIOS (KOHA) | |
| Fuente del sistema de clasificación o colocación | Clasificación decimal universal |
| Tipo de ítem Koha | Libro impreso |
| Estatus retirado | Estado de pérdida | Fuente del sistema de clasificación o colocación | Estado de daño | No para préstamo | Biblioteca de origen | Biblioteca actual | Ubicación en estantería | Fecha de adquisición | Fuente de adquisición | Total de préstamos | Signatura topográfica completa | Código de barras | Visto por última vez | Precio de reemplazo | Tipo de ítem Koha |
|---|---|---|---|---|---|---|---|---|---|---|---|---|---|---|---|
| Clasificación decimal universal | Biblioteca del Ateneo de Madrid | Biblioteca del Ateneo de Madrid | Depósito 1 | 01/07/2011 | Donación | A-11315 | 1187815 | 23/02/2023 | 23/02/2023 | Libro impreso |
